logo

Bir Sreshtho Munshi Abdur Rouf Library
Jhenaidah Cadet College

Voice of the vortex : (Record no. 12859)

MARC details
000 -LEADER
fixed length control field 00767nam a2200241 a 4500
001 - CONTROL NUMBER
JCCL Control Number 12859
003 - CONTROL NUMBER IDENTIFIER
JCCL marc code BD-JhCC
005 - DATE AND TIME OF LATEST TRANSACTION
control field 20230521101558.0
008 - FIXED-LENGTH DATA ELEMENTS--GENERAL INFORMATION
fixed length control field 230521s2021 bg a|||| |||| 000 0 eng d
020 ## - INTERNATIONAL STANDARD BOOK NUMBER
International Standard Book Number 9789849385387
035 ## - SYSTEM CONTROL NUMBER
system control number (BD-JhCC)12859
040 ## - CATALOGING SOURCE
Original cataloging agency BD-JhCC
Modifying agency BD-JhCC
041 ## - LANGUAGE CODE
Language code of Book eng
082 ## - DEWEY DECIMAL CLASSIFICATION NUMBER
Classification number 923.1
Author mark and Year BAN 2021
245 ## - TITLE STATEMENT
Title Voice of the vortex :
Remainder of title Bangabandhu Sheik Mujibur Rahman /
Statement of responsibility, etc Advisers by Sheik Hasina and ed. by Shamsad Mortuza
260 ## - PUBLICATION, DISTRIBUTION, ETC. (IMPRINT)
Place of publication, distribution, etc Dhaka :
Name of publisher, distributor, etc Nymphea Publication,
Date of publication, distribution, etc 2021
300 ## - PHYSICAL DESCRIPTION
Pagination xi, 187 p. :
Other physical details illus, color pages;
Dimensions 23 cm.
600 ## - SUBJECT ADDED ENTRY--PERSONAL NAME
Personal name Rahman, Bangabandhu Sheik Mujibur
Dates associated with a name 1920-1975
650 ## - SUBJECT ADDED ENTRY--TOPICAL TERM
Topical term or geographic name as entry element Biography
700 ## - ADDED ENTRY--PERSONAL NAME
Personal name Hasina, Sheik
Fuller form of name Prime Minister of Bangladesh
700 ## - ADDED ENTRY--PERSONAL NAME
Personal name Mortuza, Shamsad
942 ## - ADDED ENTRY ELEMENTS (KOHA)
Source of classification or shelving scheme Dewey Decimal Classification
Koha item type Reference
Holdings
Source of classification or shelving scheme Damaged status Not for loan Home library Current library Shelving location Date of accession Source of acquisition Total Checkouts Full call number Barcode Date last seen Copy number Method of acquisition Koha item type Currency
Dewey Decimal Classification     JCC Rouf Library JCC Rouf Library General Stacks 05/21/2023 Major General Md. Shafeenul Islam.ndc,psc   923.1 BAN 2021 17601 05/21/2023 C-1 Gift/Donation Reference BDT

JCC Library | Contacts | JCC Home

Last Update on 23 September 2017
Copyright @ 2017-2020 JCC Rouf Library
Rouf Library, Jhenidah Cadet College (JCC), Bangladesh